Ontología V. Filosofía de la naturaleza. El pensar teológico
Uloženo v:
| Hlavní autor: | |
|---|---|
| Médium: | Kniha |
| Jazyk: | Undetermined |
| Vydáno: |
México, Distrito Federal
Fondo de Cultura Económica
1986
|
| Témata: | |
| Tagy: |
Přidat tag
Žádné tagy, Buďte první, kdo vytvoří štítek k tomuto záznamu!
|
MARC
| LEADER | 00000nam a2200000Ia 4500 | ||
|---|---|---|---|
| 008 | 170316s9999 xx 000 0 und d | ||
| 090 | |a 100 H-5o v.5 | ||
| 100 | |a Hartmann, Nicolai | ||
| 245 | |a Ontología V. Filosofía de la naturaleza. El pensar teológico | ||
| 260 | |a México, Distrito Federal | ||
| 260 | |b Fondo de Cultura Económica | ||
| 260 | |c 1986 | ||
| 300 | |a 396 páginas Vol. V | ||
| 650 | |a FILOSOFÍA | ||
| 999 | |c 16559 |d 16559 | ||
| 040 | |a cru BVZT | ||
| 942 | |c 15 D |h 100 H-5o v.5 |2 z | ||
